000 00578nam a2200181 i 4500
001 39276
003 ES-MaACL
005 20230906155930.0
007 t|
008 030227s1914 sp ||||1| spa d
100 1 _aCamúñez y del Puerto, Fernando.
_934358
245 1 4 _aLos protozoos parásitos del género leishmania y las leishmaniosis /
_cpor Fernando Camúñez y del Puerto.
260 _aCádiz :
_bAsilo-Escuela de San Ignacio,
_c1914.
300 _a39 p. ;
_c21 cm.
502 _aTesis doctoral.
650 4 _aLeishmaniosis.
_9155583
852 _aES-MaACL
_jT-1448-F-7
999 _c39276
_d39276